The finite element method in engineering : (Record no. 29312)

000 -LEADER
fixed length control field 00571 a2200169 4500
020 ## - INTERNATIONAL STANDARD BOOK NUMBER
International Standard Book Number 8181478851
020 ## - INTERNATIONAL STANDARD BOOK NUMBER
International Standard Book Number 9788181478856
082 ## - DEWEY DECIMAL CLASSIFICATION NUMBER
Classification number 620.00151825
090 ## - LOCALLY ASSIGNED LC-TYPE CALL NUMBER (OCLC); LOCAL CALL NUMBER (RLIN)
-- 683
-- 683
100 ## - MAIN ENTRY--PERSONAL NAME
Personal name Rao,Singiresu S
245 04 - TITLE STATEMENT
Title The finite element method in engineering :
Remainder of title ise.
260 ## - PUBLICATION, DISTRIBUTION, ETC.
Place of publication, distribution, etc. [S.l.] :
Name of publisher, distributor, etc. Butterworth-Heinemann/Elsevier,
Date of publication, distribution, etc. 2005
300 ## - PHYSICAL DESCRIPTION
Extent 1 v. (unpaged)
700 ## - ADDED ENTRY--PERSONAL NAME
Personal name Rao,Singiresu S
942 ## - ADDED ENTRY ELEMENTS (KOHA)
Institution code [OBSOLETE] SNS
Koha item type Book
Call number prefix 620.00151825 RAO
Holdings
Withdrawn status Lost status Damaged status Not for loan Permanent Location Current Location Date acquired Total Checkouts Full call number Barcode Date last seen Date last checked out Price effective from Koha item type
        School of Natural Sciences (SNS) School of Natural Sciences (SNS) 05/26/2016 1 620.00151825 RAO SNS0000837 09/02/2019 01/17/2019 05/26/2016 Book
© 2023 Central Library, National University of Sciences and Technology. All Rights Reserved.